000 00729nam a2200241Ia 4500
003 OSt
005 20220918183438.0
006 a|||||r|||| 00| 0
007 ta
008 220917b |||||||| |||| 00| 0 eng d
024 _a38,187
037 _cTextual
040 _aARTS
_cARTS
_beng
041 _2eng
_aeng
082 _aO113aN6, 111L2-2
100 _aSmith M F
_962863
245 0 _aSelected bibliography of German literature in English translation 1956-1960
_b A second supplement to Bayard Quincy Morgan
260 _aMethuchen
_bScarecrow
_c1972
300 _av, 398p.
_ccm.
650 _aENGLISH LITERATURE
942 _hO113aN6, 111L2-2
_cTEXL
_2CC
999 _c172719
_d172719